00451nam a22001337a 4500008004100000040005500041080001500096100001500111245010300126260005300229300000900282650001300291653001300304230329b |||||||| |||| 00| 0 eng d aNational Science LibrarycNational Science Library aT 57.063.7 aBhat, D M  aBiological species diversity in some localities in western ghatsc/ Indian Institute of Technology aMadras, bIndian Institute of Technology, c1986 a14p. aBiology  aSpecies